000 002820000a22000970004500
100 1 _aGómez Gil, Orlando.
245 1 0 _aEl tema de la persona humana en cuatro filósofos hispánicos
300 _aVol, 1, Núm 6 (1989), Páginas 14-15
773 0 _tImpacto Presbiteriano
942 _cANA
999 _c50851
_d50851